000 00534nam a22001937a 4500
003 OSt
005 20140310183007.0
008 130211t xxu||||| |||| 00| 0 eng d
020 _a0136267807
050 _aHD 31
_b.D713 19--
100 _aDomingo, Rene T.
245 _aQuality means survival :
_cRene T. Domingo
_bcaveat vendidor, let the seller beware /
260 _aSingapore
_bPrentice Hall
_c1997
300 _a357 p. :
_c24 cm.
521 _aBSBA
650 _a Quality control.
942 _2lcc
_cBK
_kLOC
999 _c18190
_d18190